000
00308nam a22001337a 4500
008
170306b xxu||||| |||| 00| 0 eng d
020
_a
9781609139063
041
_a
eng
080
_2
12TH
_a
611
100
_a
6
101
_a
SHM
245
_a
THE HUMAN BODY IN HEALTH AND DISEASE
_c
HULL, K.L
942
_2
udc
_c
BK
999
_c
6903
_d
6903